000 00976nam a2200253 a 4500
001
003 DO-SdBNP
005 20230911153024.0
008 110610s195- dr r 000 0 spa d
040 _aDO-SdBNP
_bspa
_cBNPHU
_erda
082 _a373.27
_bR426p 195
_222
110 2 _aRepública Dominicana.
_bMinisterio de Educación, Bellas Artes y Cultos
_957024
245 1 0 _aProgramas de la educación secundaria :
_b4to curso, ciencias físicas y naturales /
264 1 _aCiudad Trujillo, República Dominicana :
_bMinisterio de Educación, Bellas Artes y Cultos,
_c[1955]
300 _a36 páginas
_c20 cm.
336 _2rdacontent
_atexto
_btxt
337 _2rdamedia
_asin mediación
_bn
338 _2rdacarrier
_avolumen
_bnc
590 _aInventariado, 2023/ YL
650 _aEducacion secundaria
_xProgramas
_zRepública Dominicana
_977270
650 _aActividades estudiantiles
_xProgramas
_zRepública Dominicana
_977271
910 _aYLockward
942 _2ddc
_cLF2
999 _c54690
_d54690